[Event "zonal 1.1b"]
[Site "Brussels BEL"]
[Date "1993.??.??"]
[Round "7"]
[White "Sosonko, Gennadi"]
[Black "Mohandesi, Shahin"]
[Result "1-0"]
[WhiteElo "2535"]
[BlackElo "2310"]
[EventDate "1993.04.??"]
[PlyCount "68"]

1.d4 Nf6 2.Nf3 g6 3.c4 Bg7 4.Nc3 d5 5.Qb3 dxc4 6.Qxc4 O-O 7.e4 Bg4 8.Ne5 
Bc8 9.Be2 a6 10.Nf3 b5 11.Qb3 c5 12.dxc5 Bb7 13.O-O Nxe4 14.Nxe4 Bxe4 15.
Bg5 Nc6 16.Qe3 Bf5 17.Bh6 Bxh6 18.Qxh6 f6 19.Qe3 Qc7 20.Nd4 Nxd4 21.Qxd4 
Rfd8 22.Qe3 e5 23.b4 Rd4 24.a4 Rb8 25.axb5 axb5 26.Qc3 Kg7 27.h3 Be4 28.f4
Rb7 29.Ra6 Bd5 30.Rd6 Qe7 31.Re1 Rc7 32.Bxb5 Bf7 33.fxe5 fxe5 34.Rxe5 Rd1+
1-0

[Event "zonal 1.1b"]
[Site "Brussels BEL"]
[Date "1993.??.??"]
[Round "7"]
[White "Van der Sterren, Paul"]
[Black "Van der Wiel, John"]
[Result "1-0"]
[WhiteElo "2490"]
[BlackElo "2555"]
[EventDate "1993.04.??"]
[PlyCount "85"]

1.d4 Nf6 2.c4 e6 3.Nf3 b6 4.g3 Ba6 5.b3 d5 6.cxd5 exd5 7.Bg2 Bb4+ 8.Bd2 
Bxd2+ 9.Qxd2 Ne4 10.Qb4 Bb7 11.O-O Nc6 12.Qa3 Qe7 13.Qxe7+ Nxe7 14.Rc1 
O-O-O 15.Ne5 Nd6 16.Nc3 Kb8 17.a4 f6 18.Nd3 c6 19.a5 b5 20.Na2 Ndf5 21.e3 
g5 22.Nab4 a6 23.Bh3 Rd6 24.Rc3 Bc8 25.Bxf5 Bxf5 26.Nxa6+ Ka7 27.Nac5 h5 
28.f3 Bc8 29.b4 h4 30.g4 h3 31.Kf2 Ng6 32.Rg1 Rf8 33.Rg3 Nh4 34.f4 f5 35.
gxf5 gxf4 36.Nxf4 Nxf5 37.Rf3 Nh4 38.Rg3 Nf5 39.Rxh3 Nxd4 40.Rh7+ Ka8 41.
exd4 Rdf6 42.Rf3 Bg4 43.Rh4 1-0

[Event "zonal 1.1b"]
[Site "Brussels BEL"]
[Date "1993.??.??"]
[Round "7"]
[White "Vandevoort, Pascal"]
[Black "Dutreeuw, Marc"]
[Result "1-0"]
[WhiteElo "2310"]
[BlackElo "2450"]
[EventDate "1993.04.??"]
[PlyCount "95"]

1.e4 e5 2.Bc4 Nf6 3.d3 Nc6 4.Nc3 Bb4 5.Nf3 d6 6.O-O Bg4 7.h3 Bh5 8.Bg5 
Bxc3 9.bxc3 h6 10.Be3 Na5 11.Bb3 O-O 12.Kh1 d5 13.g4 Bg6 14.Nxe5 Nxb3 15.
cxb3 dxe4 16.Nxg6 fxg6 17.dxe4 Nxe4 18.Qxd8 Raxd8 19.c4 a6 20.Kg2 Rd3 21.
Rfd1 Rfd8 22.Rxd3 Rxd3 23.Bf4 Rd7 24.Kf3 Nf6 25.Re1 Kf7 26.Re3 h5 27.Be5 
c6 28.Bc3 Rd1 29.Bb4 Rd7 30.Kg3 hxg4 31.hxg4 Ne8 32.Rf3+ Ke6 33.Re3+ Kf7 
34.f3 Nc7 35.Re2 Ne6 36.Rd2 Rxd2 37.Bxd2 Ke7 38.Bc3 g5 39.Kf2 Kd6 40.Ke3 
b5 41.cxb5 axb5 42.Ke4 g6 43.Be5+ Kc5 44.a3 Nd8 45.Bf6 Nf7 46.Be7+ Kb6 47.
Kd4 Kc7 48.Kc5 1-0

[Event "zonal 1.1b"]
[Site "Brussels BEL"]
[Date "1993.??.??"]
[Round "8"]
[White "Bosboom, Manuel"]
[Black "Vandevoort, Pascal"]
[Result "1-0"]
[WhiteElo "2425"]
[BlackElo "2310"]
[EventDate "1993.04.??"]
[PlyCount "63"]

1.c4 g6 2.Nc3 Bg7 3.g3 e5 4.Bg2 d6 5.Nf3 Nf6 6.O-O O-O 7.d3 Nc6 8.Rb1 a5 
9.a3 Nd4 10.Ne1 c6 11.e3 Nf5 12.Nf3 Re8 13.b3 Rb8 14.Bb2 b5 15.cxb5 cxb5 
16.e4 Ne7 17.d4 b4 18.axb4 axb4 19.Na4 Nxe4 20.dxe5 dxe5 21.Qxd8 Rxd8 22.
Rfe1 Bb7 23.Bxe5 Bxe5 24.Nxe5 Nd2 25.Rb2 Nf5 26.Nc5 Bxg2 27.Kxg2 Rb5 28.
Ncd7 f6 29.Nxf6+ Kg7 30.Ned7 Nxb3 31.Rxb3 Rb7 32.Nc5 1-0

[Event "zonal 1.1b"]
[Site "Brussels BEL"]
[Date "1993.??.??"]
[Round "8"]
[White "Collin, Denis"]
[Black "Ballester"]
[Result "1-0"]
[WhiteElo "2265"]
[BlackElo "2225"]
[EventDate "1993.04.??"]
[PlyCount "115"]

1.c4 e5 2.g3 g6 3.Bg2 Bg7 4.Nc3 d6 5.e3 f5 6.Nge2 Nf6 7.b3 Nc6 8.Bb2 O-O 
9.O-O Bd7 10.d3 Rb8 11.Rc1 Ne7 12.Nd5 c6 13.Nxf6+ Bxf6 14.Ba3 Qc7 15.Qd2 
Rbd8 16.Rc2 Rfe8 17.Rd1 Be6 18.d4 d5 19.Bxe7 Qxe7 20.c5 exd4 21.Nxd4 Bxd4 
22.Qxd4 Bc8 23.b4 Qe5 24.a4 Qxd4 25.Rxd4 a6 26.Rb2 Re7 27.b5 axb5 28.axb5 
Be6 29.bxc6 bxc6 30.Rb6 Rc7 31.Ra4 Bf7 32.Kf1 Be8 33.Ke2 Rcc8 34.Kd3 Ra8 
35.Rab4 Kf8 36.Kd4 Ke7 37.Ke5 Ra2 38.Rb2 Rda8 39.Bf1 R8a5 40.Kd4 R5a4+ 41.
Kc3 Ra5 42.Rxa2 Rxa2 43.Rb2 Ra5 44.Kb4 Ra1 45.Bd3 Rd1 46.Kc3 Rc1+ 47.Bc2 
Ra1 48.h4 Ra7 49.Kd4 Bd7 50.Bb1 Bc8 51.Bd3 Ra5 52.Rb1 Kd7 53.h5 Kc7 54.
hxg6 hxg6 55.Rh1 Ba6 56.Rh7+ Kd8 57.Bxa6 Rxa6 58.Ke5 1-0

[Event "zonal 1.1b"]
[Site "Brussels BEL"]
[Date "1993.??.??"]
[Round "8"]
[White "Dutreeuw, Marc"]
[Black "Berend, Fred"]
[Result "1-0"]
[WhiteElo "2450"]
[BlackElo "2305"]
[EventDate "1993.04.??"]
[PlyCount "75"]

1.e4 c5 2.Nf3 Nc6 3.d4 cxd4 4.Nxd4 g6 5.c4 Bg7 6.Be3 Nf6 7.Nc3 O-O 8.Be2 
d6 9.O-O Re8 10.Qd2 Ng4 11.Bxg4 Bxg4 12.Nd5 Rc8 13.b3 a6 14.Rae1 Bd7 15.f4
e6 16.Nc3 Nxd4 17.Bxd4 e5 18.fxe5 dxe5 19.Be3 Be6 20.Nd5 b5 21.Rc1 bxc4 
22.bxc4 f5 23.exf5 gxf5 24.Bg5 Qd7 25.Qa5 Bxd5 26.Qxd5+ Qxd5 27.cxd5 Kf7 
28.Rxf5+ Kg6 29.Rcf1 h6 30.d6 hxg5 31.d7 Red8 32.dxc8=Q Rxc8 33.g4 Rc4 34.
h3 e4 35.Ra5 Bd4+ 36.Kh1 Bc3 37.Rxa6+ Kg7 38.Rd1 1-0

[Event "zonal 1.1b"]
[Site "Brussels BEL"]
[Date "1993.??.??"]
[Round "8"]
[White "Hartoch, Robert"]
[Black "Apicella, Manuel"]
[Result "1/2-1/2"]
[WhiteElo "2355"]
[BlackElo "2495"]
[EventDate "1993.04.??"]
[PlyCount "72"]

1.Nf3 Nf6 2.g3 g6 3.b3 Bg7 4.Bb2 O-O 5.Bg2 d6 6.d4 Nbd7 7.O-O e5 8.dxe5 
Ng4 9.Nc3 dxe5 10.e4 Re8 11.Qe2 c6 12.Rfd1 Qc7 13.Nd2 Ngf6 14.Nc4 Bf8 15.
a4 Nc5 16.a5 Rb8 17.Na4 Nxa4 18.Rxa4 b5 19.axb6 axb6 20.Raa1 b5 21.Ne3 Nd7
22.Rd2 Nc5 23.Rad1 Ra8 24.h4 Ra2 25.Bc1 h5 26.Kh2 Bh6 27.Qe1 Be6 28.Re2 
Kh7 29.Nf1 Bxc1 30.Rxc1 Rd8 31.Rd1 Rda8 32.Red2 Bg4 33.f3 Bc8 34.Ne3 Ne6 
35.b4 R2a3 36.Rd3 Rxd3 1/2-1/2

[Event "zonal 1.1b"]
[Site "Brussels BEL"]
[Date "1993.??.??"]
[Round "8"]
[White "Meulders, Richard"]
[Black "Bricard, Emmanuel"]
[Result "0-1"]
[WhiteElo "2330"]
[BlackElo "2460"]
[EventDate "1993.04.??"]
[PlyCount "90"]

1.d4 Nf6 2.c4 a6 3.Nc3 c5 4.Nf3 cxd4 5.Nxd4 Qc7 6.e4 e6 7.a3 d6 8.Be2 b6 
9.Be3 Bb7 10.f3 Be7 11.Rc1 O-O 12.O-O Nbd7 13.b4 Rac8 14.Qb3 Rfe8 15.Rfd1 
Qb8 16.Bf1 Bd8 17.Kh1 Bc7 18.Bg1 Kh8 19.Nc2 Rg8 20.Ne3 g5 21.Qb2 Rg6 22.
Ne2 Kg8 23.Qd2 Rd8 24.Qe1 Ne5 25.Nd4 Kh8 26.Be2 Qa8 27.Bf1 Rdg8 28.c5 dxc5
29.bxc5 bxc5 30.Rxc5 Bd6 31.Nxe6 Qb8 32.Nf5 Bxc5 33.Nxc5 g4 34.f4 Nf3 35.
gxf3 gxf3 36.Ng3 Qxf4 37.Bd4 Bc8 38.Bc4 Rh6 39.Qf2 Bh3 40.Bf1 Rgg6 41.Bxh3
Rxh3 42.Nd7 Rgxg3 43.Nxf6 Rg2 44.Ng4+ Kg8 45.Be5 Qxe5 0-1

[Event "zonal 1.1b"]
[Site "Brussels BEL"]
[Date "1993.??.??"]
[Round "8"]
[White "Relange, Eloi"]
[Black "Geenen, Marc"]
[Result "1/2-1/2"]
[WhiteElo "2295"]
[BlackElo "2320"]
[EventDate "1993.04.??"]
[PlyCount "45"]

1.e4 e5 2.Nf3 Nc6 3.Bb5 a6 4.Bxc6 dxc6 5.O-O Qd6 6.Na3 b5 7.c3 c5 8.Nc2 
Ne7 9.a4 Rb8 10.axb5 axb5 11.d4 cxd4 12.cxd4 exd4 13.Ncxd4 c5 14.Nxb5 Qxd1
15.Nc7+ Kd8 16.Rxd1+ Kxc7 17.Bf4+ Kb7 18.Bxb8 Kxb8 19.Ne5 f6 20.Nf7 Rg8 
21.Rd8 Kb7 22.Nd6+ Kc7 23.Ra7+ 1/2-1/2

[Event "zonal 1.1b"]
[Site "Brussels BEL"]
[Date "1993.??.??"]
[Round "8"]
[White "Vaisser, Anatoli"]
[Black "Renet, Olivier"]
[Result "1-0"]
[WhiteElo "2555"]
[BlackElo "2535"]
[EventDate "1993.04.??"]
[PlyCount "79"]

1.d4 Nf6 2.c4 g6 3.Nc3 Bg7 4.e4 d6 5.f4 O-O 6.Nf3 c5 7.d5 e6 8.Be2 exd5 9.
cxd5 Re8 10.e5 dxe5 11.fxe5 Ng4 12.O-O Nxe5 13.Bf4 Bf5 14.Nxe5 Bxe5 15.Qd2
Nd7 16.Rad1 a6 17.Bxe5 Nxe5 18.Qf4 c4 19.g4 Qb6+ 20.Kh1 Bd3 21.Bxd3 Nxd3 
22.Qxf7+ Kh8 23.Rd2 Ne5 24.Qf4 Rad8 25.Re2 Nd3 26.Rxe8+ Rxe8 27.Qf7 Qd8 
28.d6 Ne5 29.Qd5 Qd7 30.Re1 Nf7 31.Rxe8+ Qxe8 32.d7 Qe1+ 33.Kg2 Nd8 34.Qg5
Kg7 35.Qxd8 Qd2+ 36.Kf3 Qd3+ 37.Kf2 Qd4+ 38.Kf3 Qd3+ 39.Kf4 Qd4+ 40.Ne4 
1-0

[Event "zonal 1.1b"]
[Site "Brussels BEL"]
[Date "1993.??.??"]
[Round "8"]
[White "Van der Sterren, Paul"]
[Black "Van Wely, Loek"]
[Result "0-1"]
[WhiteElo "2490"]
[BlackElo "2560"]
[EventDate "1993.04.??"]
[PlyCount "56"]

1.d4 Nf6 2.c4 g6 3.Nc3 Bg7 4.e4 d6 5.f3 O-O 6.Be3 Nbd7 7.Qd2 c5 8.d5 Ne5 
9.Bg5 a6 10.f4 Ned7 11.Nf3 b5 12.cxb5 Qa5 13.e5 dxe5 14.fxe5 Ng4 15.Bxe7 
Re8 16.d6 Bh6 17.Ng5 Ngxe5 18.Be2 c4 19.O-O axb5 20.Qd4 Bb7 21.Qh4 Bxg5 
22.Qxg5 b4 23.Nd1 c3 24.bxc3 bxc3 25.Ne3 Rxe7 26.Qxe7 Qc5 27.Kf2 Ra4 28.
Qe8+ Kg7 0-1

[Event "zonal 1.1b"]
[Site "Brussels BEL"]
[Date "1993.??.??"]
[Round "8"]
[White "Van der Wiel, John"]
[Black "David, Alberto"]
[Result "1-0"]
[WhiteElo "2555"]
[BlackElo "2380"]
[EventDate "1993.04.??"]
[PlyCount "49"]

1.e4 e5 2.Nf3 Nc6 3.d4 exd4 4.Nxd4 Nf6 5.Nxc6 bxc6 6.e5 Qe7 7.Qe2 Nd5 8.c4
Ba6 9.g3 g6 10.Bg2 Bg7 11.O-O O-O 12.Re1 Rae8 13.Na3 Nb6 14.Qc2 Qc5 15.Bf4
g5 16.Qf5 Re6 17.Qxg5 Nxc4 18.Nxc4 Bxc4 19.Be4 Bd5 20.Bf5 Qd4 21.b3 Qc3 
22.Qh5 Rg6 23.Rac1 Qa5 24.Qe2 Re8 25.Bxd7 1-0

[Event "zonal 1.1b"]
[Site "Brussels BEL"]
[Date "1993.??.??"]
[Round "9"]
[White "Apicella, Manuel"]
[Black "Relange, Eloi"]
[Result "1-0"]
[WhiteElo "2495"]
[BlackElo "2295"]
[EventDate "1993.04.??"]
[PlyCount "117"]

1.d4 d5 2.Nf3 c6 3.Bf4 Nf6 4.e3 Bf5 5.Bd3 Bxd3 6.cxd3 e6 7.h3 Bd6 8.Ne5 
Qc7 9.O-O Nbd7 10.Qb3 Nxe5 11.dxe5 Bxe5 12.Bxe5 Qxe5 13.Qxb7 O-O 14.d4 Qd6
15.Qa6 Qb4 16.Qa3 Rfb8 17.Qxb4 Rxb4 18.b3 c5 19.dxc5 Rb5 20.Rc1 Rc8 21.c6 
Rb6 22.c7 Rb7 23.Na3 Kf8 24.Rc5 Ne4 25.Ra5 Rbxc7 26.f3 Nd6 27.Kf2 Ke7 28.
Rd1 Ra8 29.Ra6 Rb7 30.Rd4 Rb6 31.Rda4 Rxa6 32.Rxa6 Kd7 33.Nc2 Nb5 34.Nb4 
Nc7 35.Ra5 Rb8 36.Nd3 a6 37.Ne5+ Ke8 38.Rc5 Rb7 39.h4 f6 40.Nd3 Kd7 41.Ra5
Kd6 42.b4 Rb5 43.Ra4 Rb6 44.a3 Kc6 45.Nc5 Kb5 46.Ke2 Kc4 47.Kd2 e5 48.Kc2 
d4 49.e4 h5 50.Nd3 Kb5 51.Ra5+ Kc6 52.f4 Nb5 53.fxe5 fxe5 54.a4 Nc3 55.
Rxe5 g6 56.a5 Rb5 57.Re6+ Kc7 58.e5 Nd5 59.Kb3 1-0

[Event "zonal 1.1b"]
[Site "Brussels BEL"]
[Date "1993.??.??"]
[Round "9"]
[White "Bricard, Emmanuel"]
[Black "Bosboom, Manuel"]
[Result "1/2-1/2"]
[WhiteElo "2460"]
[BlackElo "2425"]
[EventDate "1993.04.??"]
[PlyCount "25"]

1.d4 Nf6 2.c4 d6 3.Nc3 Nbd7 4.e4 e5 5.Nge2 c6 6.g3 g6 7.d5 cxd5 8.cxd5 Bg7
9.Bg2 O-O 10.O-O a5 11.Nb5 Nc5 12.Nec3 b6 13.Re1 1/2-1/2

[Event "zonal 1.1b"]
[Site "Brussels BEL"]
[Date "1993.??.??"]
[Round "9"]
[White "David, Alberto"]
[Black "Prie, Eric"]
[Result "1/2-1/2"]
[WhiteElo "2380"]
[BlackElo "2470"]
[EventDate "1993.04.??"]
[PlyCount "42"]

1.b3 e5 2.Bb2 d6 3.e3 g6 4.d4 Nd7 5.c4 Bg7 6.Nf3 Ne7 7.Be2 O-O 8.O-O Nf5 
9.dxe5 Nxe5 10.Nxe5 dxe5 11.Nc3 Qg5 12.Ne4 Qe7 13.Qc2 Be6 14.a4 Rfd8 15.
Ba3 Qe8 16.Nc5 Bc8 17.Rad1 Nd6 18.Ne4 Nxe4 19.Qxe4 Rxd1 20.Rxd1 c6 21.Qc2 
Be6 1/2-1/2

[Event "zonal 1.1b"]
[Site "Brussels BEL"]
[Date "1993.??.??"]
[Round "9"]
[White "Geenen, Marc"]
[Black "Blees, Albert"]
[Result "0-1"]
[WhiteElo "2320"]
[BlackElo "2405"]
[EventDate "1993.04.??"]
[PlyCount "106"]

1.e4 c5 2.Nf3 e6 3.d4 cxd4 4.Nxd4 a6 5.Bd3 Bc5 6.Nb3 Ba7 7.Nc3 Nc6 8.Qe2 
d6 9.Be3 Nf6 10.g4 Bxe3 11.Qxe3 h5 12.g5 Ng4 13.Qg3 Qxg5 14.h3 Nge5 15.
Qxg5 Nf3+ 16.Ke2 Nxg5 17.Rag1 Nh7 18.Rxg7 Nf6 19.f4 b5 20.Rf1 h4 21.Ke3 
Bd7 22.Ne2 Ke7 23.Nbd4 Nxd4 24.Kxd4 Rag8 25.Rxg8 Rxg8 26.Rg1 e5+ 27.fxe5 
dxe5+ 28.Kxe5 Bxh3 29.Rxg8 Nxg8 30.Nd4 Bd7 31.Nf5+ Bxf5 32.Kxf5 h3 33.e5 
f6 34.Be4 Nh6+ 35.Kf4 fxe5+ 36.Kxe5 Ng4+ 37.Kf4 Nf2 38.Bb7 a5 39.a3 Kd6 
40.b4 a4 41.Kg3 Nd1 42.Bf3 Nc3 43.Kxh3 Nb1 44.c4 Nxa3 45.cxb5 Nxb5 46.Bd1 
a3 47.Bb3 Ke5 48.Kg3 Kd4 49.Kf2 Kc3 50.Bg8 Nd4 51.b5 Nxb5 52.Ke1 Nd4 53.
Kd1 Nb3 0-1

[Event "zonal 1.1b"]
[Site "Brussels BEL"]
[Date "1993.??.??"]
[Round "9"]
[White "Mohandesi, Shahin"]
[Black "Le Quang, Kim"]
[Result "0-1"]
[WhiteElo "2310"]
[BlackElo "2215"]
[EventDate "1993.04.??"]
[PlyCount "124"]

1.b3 Nf6 2.Bb2 g6 3.c4 Bg7 4.Nf3 O-O 5.e3 d6 6.Qc2 c5 7.Be2 b6 8.O-O Bb7 
9.d4 cxd4 10.Nxd4 Nbd7 11.Nc3 Rc8 12.Qd2 Nc5 13.Rfd1 Nfe4 14.Nxe4 Nxe4 15.
Qb4 Qd7 16.f3 Nc5 17.Rab1 Rfd8 18.e4 Ba8 19.Qd2 Qe8 20.Nb5 Bxb2 21.Rxb2 a6
22.Nc3 Rb8 23.Qe3 Rdc8 24.Rbd2 a5 25.e5 dxe5 26.Qxe5 f6 27.Qd4 Kg7 28.Bf1 
Qf7 29.Qe3 Bc6 30.Ne2 Qe6 31.Qf2 Qe5 32.Nd4 Ba8 33.Re1 Qc7 34.Nb5 Qb7 35.
Qe3 Re8 36.h4 Qc8 37.Bd3 Bc6 38.Nc3 e5 39.Be4 Bxe4 40.Nxe4 Nxe4 41.Qxe4 
Qc5+ 42.Qe3 Rbd8 43.Qxc5 bxc5 44.Rd5 Rxd5 45.cxd5 Rd8 46.Re4 Kf7 47.Ra4 
Ra8 48.Rc4 Rc8 49.Ra4 Ra8 50.a3 Ke7 51.b4 Kd6 52.Rxa5 Rxa5 53.bxa5 Kxd5 
54.Kf2 Kc6 55.Ke3 Kb5 56.Kd3 f5 57.a6 Kxa6 58.Kc4 e4 59.fxe4 fxe4 60.g4 
Ka5 61.Kb3 e3 62.Kc3 c4 0-1

[Event "zonal 1.1b"]
[Site "Brussels BEL"]
[Date "1993.??.??"]
[Round "9"]
[White "Reinderman, Dimitri"]
[Black "Nijboer, Friso"]
[Result "1/2-1/2"]
[WhiteElo "2415"]
[BlackElo "2505"]
[EventDate "1993.04.??"]
[PlyCount "124"]

1.d4 Nf6 2.c4 g6 3.Nc3 Bg7 4.e4 d6 5.Bd3 O-O 6.Nge2 Nc6 7.O-O e5 8.d5 Nd4 
9.Nxd4 exd4 10.Nb5 Re8 11.Re1 Bd7 12.Nxd4 Nxd5 13.cxd5 Bxd4 14.Qb3 c5 15.
Qxb7 c4 16.Bxc4 Rb8 17.Qa6 Qf6 18.Be3 Rxb2 19.Bxd4 Qxd4 20.Rf1 Rxe4 21.
Qxd6 Be8 22.Rac1 Rf4 23.Qd8 Rbxf2 24.Qxe8+ Kg7 25.Rxf2 Qxf2+ 26.Kh1 Rxc4 
27.Qe5+ f6 28.Qe7+ Kh6 29.Rg1 Rd4 30.d6 Rd5 31.Qf8+ Kg5 32.Qf7 Rxd6 33.
Qxh7 Re6 34.Qc7 Re1 35.Qa5+ Re5 36.Qa3 Kh6 37.Qc1+ Qe3 38.Qb1 Kg7 39.h3 
Re7 40.Rf1 g5 41.Rf3 Qe5 42.Rf1 Qe4 43.Qb2 Re6 44.Rc1 g4 45.Qf2 Qe3 46.
Rc7+ Kg6 47.Qh4 Qe1+ 48.Qxe1 Rxe1+ 49.Kh2 Re3 50.hxg4 Ra3 51.Rc2 Kg5 52.
Rf2 a5 53.Rf5+ Kg6 54.Rf2 a4 55.g3 Re3 56.Kh3 a3 57.Rd2 Kg5 58.Rd5+ Kg6 
59.Ra5 Rd3 60.Ra7 Kg5 61.Ra5+ Kg6 62.Ra7 Rc3 1/2-1/2

[Event "zonal 1.1b"]
[Site "Brussels BEL"]
[Date "1993.??.??"]
[Round "9"]
[White "Renet, Olivier"]
[Black "Van der Wiel, John"]
[Result "0-1"]
[WhiteElo "2535"]
[BlackElo "2555"]
[EventDate "1993.04.??"]
[PlyCount "36"]

1.c4 e6 2.Nc3 Bb4 3.Qb3 Nc6 4.a3 Nd4 5.Qa4 Bxc3 6.dxc3 Nc6 7.e4 Qh4 8.Bd3 
Ne5 9.Bc2 Nf6 10.c5 Qg4 11.Kf1 Qh5 12.Nh3 Nc6 13.b4 Qe5 14.Qb3 Nxe4 15.f4 
Qxc3 16.Qxc3 Nxc3 17.Bb2 Nd5 18.Bxg7 Rg8 0-1

[Event "zonal 1.1b"]
[Site "Brussels BEL"]
[Date "1993.??.??"]
[Round "9"]
[White "Van Wely, Loek"]
[Black "Vaisser, Anatoli"]
[Result "1/2-1/2"]
[WhiteElo "2560"]
[BlackElo "2555"]
[EventDate "1993.04.??"]
[PlyCount "38"]

1.d4 e6 2.e4 d5 3.Nd2 c5 4.exd5 Qxd5 5.Ngf3 cxd4 6.Bc4 Qd6 7.O-O Nf6 8.Nb3
Nc6 9.Nbxd4 Nxd4 10.Nxd4 a6 11.a4 Bd7 12.b3 Qc7 13.Bb2 Bd6 14.h3 O-O 15.
Qf3 Be5 16.Rfe1 Bc6 17.Qe2 Be4 18.Bd3 Bh2+ 19.Kh1 Bxd3 1/2-1/2

[Event "zonal 1.1b"]
[Site "Brussels BEL"]
[Date "1993.??.??"]
[Round "9"]
[White "Vandevoort, Pascal"]
[Black "Hauchard, Arnaud"]
[Result "1-0"]
[WhiteElo "2310"]
[BlackElo "2450"]
[EventDate "1993.04.??"]
[PlyCount "65"]

1.d4 Nf6 2.Nf3 c5 3.d5 b5 4.Bg5 Qb6 5.c3 Ne4 6.Bh4 Bb7 7.Qd3 f5 8.g4 c4 9.
Qc2 fxg4 10.Qxe4 gxf3 11.Nd2 fxe2 12.Bxe2 Qh6 13.Nf3 e6 14.Rd1 Na6 15.Bg5 
Qg6 16.Qf4 d6 17.dxe6 h6 18.Bh4 Qxe6 19.Nd4 Qe4 20.Qxe4+ Bxe4 21.O-O Nc7 
22.Rfe1 Kf7 23.Nxb5 Nxb5 24.Bxc4+ d5 25.Rxd5 Bxd5 26.Bxd5+ Kg6 27.Bxa8 Bc5
28.Be4+ Kh5 29.Bg3 Rd8 30.a4 Nd6 31.Bf3+ Kg6 32.b4 Bb6 33.Re6+ 1-0

[Event "zonal 1.1b"]
[Site "Brussels BEL"]
[Date "1993.??.??"]
[Round "9"]
[White "Wians, Camille"]
[Black "Meulders, Richard"]
[Result "1-0"]
[WhiteElo "2265"]
[BlackElo "2330"]
[EventDate "1993.04.??"]
[PlyCount "121"]

1.d4 d5 2.Nf3 Nc6 3.Bf4 Bf5 4.e3 e6 5.c4 Bxb1 6.Rxb1 Bb4+ 7.Nd2 Nge7 8.a3 
Bxd2+ 9.Qxd2 a6 10.Bd3 O-O 11.O-O dxc4 12.Bxc4 e5 13.Bg5 exd4 14.exd4 h6 
15.Be3 Nd5 16.Rfd1 Nce7 17.b4 Qd6 18.f3 Kh8 19.Bf2 f5 20.Re1 Rad8 21.Bxd5 
Nxd5 22.Re5 Rde8 23.Rbe1 Qd7 24.h3 Rxe5 25.Rxe5 Re8 26.Bg3 Rxe5 27.Bxe5 
Kg8 28.Qd3 Kf7 29.g4 fxg4 30.hxg4 Qe6 31.b5 axb5 32.Qxb5 b6 33.Kf2 Kg8 34.
Qa6 Kh7 35.Qa8 b5 36.Qf8 Qg6 37.Bxg7 Qxg7 38.Qf5+ Qg6 39.Qd7+ Kh8 40.Qxd5 
Qc2+ 41.Kg3 Qc1 42.Qxb5 Qg1+ 43.Kf4 Qxd4+ 44.Kf5 c5 45.Qe8+ Kh7 46.Qe7+ 
Kg8 47.Qe8+ Kh7 48.Qg6+ Kh8 49.Qxh6+ Kg8 50.Qe6+ Kf8 51.g5 Qd3+ 52.Kg4 
Qxa3 53.Qc8+ Kf7 54.Qd7+ Kf8 55.g6 Qa2 56.Kg3 Qb3 57.Qh7 Qb8+ 58.f4 Qb3+ 
59.Kh4 Qg8 60.Qxg8+ Kxg8 61.Kg3 1-0

[Event "zonal 1.1b"]
[Site "Brussels BEL"]
[Date "1993.??.??"]
[Round "9"]
[White "Winkler, Caroline"]
[Black "Seknadje, Jose"]
[Result "1-0"]
[WhiteElo "2110"]
[BlackElo "2210"]
[EventDate "1993.04.??"]
[PlyCount "57"]

1.e4 e5 2.Bc4 Nf6 3.d3 Bc5 4.Nc3 O-O 5.f4 d5 6.Nxd5 Nxd5 7.Bxd5 Bxg1 8.
Rxg1 Qh4+ 9.g3 Qxh2 10.Be3 exf4 11.gxf4 Qh4+ 12.Kd2 Na6 13.f5 c6 14.Bb3 c5
15.Qe2 Qf6 16.Rg3 Bxf5 17.exf5 Qxf5 18.Bh6 Rfe8 19.Rxg7+ Kh8 20.Qg2 Qh5 
21.Rh1 Re2+ 22.Qxe2 Qxh1 23.Qe3 Qh2+ 24.Kc1 c4 25.Rxf7 Qh1+ 26.Kd2 Qh2+ 
27.Rf2 Qd6 28.Bxc4 Nc5 29.Bf4 1-0

[Event "zonal 1.1b"]
[Site "Brussels BEL"]
[Date "1993.??.??"]
[Round "10"]
[White "Ballester"]
[Black "Mohandesi, Shahin"]
[Result "0-1"]
[WhiteElo "2225"]
[BlackElo "2310"]
[EventDate "1993.04.??"]
[PlyCount "80"]

1.e4 c5 2.Nc3 Nc6 3.g3 g6 4.Bg2 Bg7 5.d3 d6 6.f4 Nf6 7.Nf3 O-O 8.O-O Rb8 
9.Rb1 Ne8 10.Nd5 b5 11.c4 bxc4 12.dxc4 Bg4 13.Ne3 Bxf3 14.Bxf3 Nd4 15.b3 
Nc7 16.Nc2 Nxc2 17.Qxc2 Ne6 18.Kh1 Qb6 19.Be3 Bd4 20.Bc1 a5 21.Bd2 Nd8 22.
Qd3 Nc6 23.Rfe1 Rfd8 24.Kg2 e6 25.h4 h5 26.g4 hxg4 27.Bxg4 Kg7 28.h5 gxh5 
29.Bxh5 Rg8 30.f5 Kf8+ 31.Kf1 Ke7 32.Ke2 Rg2+ 33.Kd1 Rbg8 34.a3 R8g3 35.
Qf1 Rf2 36.Qh1 Rxb3 37.Qh4+ Kd7 38.fxe6+ fxe6 39.Be8+ Kxe8 40.Qh5+ Kd7 0-1

[Event "zonal 1.1b"]
[Site "Brussels BEL"]
[Date "1993.??.??"]
[Round "10"]
[White "Blees, Albert"]
[Black "Apicella, Manuel"]
[Result "1-0"]
[WhiteElo "2405"]
[BlackElo "2495"]
[EventDate "1993.04.??"]
[PlyCount "79"]

1.d4 Nf6 2.Nf3 g6 3.c4 Bg7 4.Nc3 O-O 5.Bg5 d6 6.e3 Nbd7 7.Be2 h6 8.Bh4 e5 
9.O-O g5 10.dxe5 Ng4 11.Bg3 Ndxe5 12.Nd4 f5 13.h3 f4 14.hxg4 fxg3 15.fxg3 
Rxf1+ 16.Kxf1 Qf6+ 17.Kg1 Qf7 18.Nf5 Bxf5 19.gxf5 Nxc4 20.Nd5 Nb6 21.Nxb6 
axb6 22.Qc2 Kh8 23.Rf1 Bf6 24.b3 Qe7 25.Kf2 Ra5 26.Bc4 Qe5 27.Be6 Rc5 28.
Qd1 Qe4 29.Re1 g4 30.Re2 Kg7 31.b4 Rc3 32.Qa4 Bg5 33.Qd7+ Kf6 34.Qf7+ Ke5 
35.Qg7+ Bf6 36.Qxh6 Qxb4 37.Rd2 c6 38.Kg1 Rc1+ 39.Kh2 Rf1 40.Rd4 1-0

[Event "zonal 1.1b"]
[Site "Brussels BEL"]
[Date "1993.??.??"]
[Round "10"]
[White "Bosboom, Manuel"]
[Black "Reinderman, Dimitri"]
[Result "1/2-1/2"]
[WhiteElo "2425"]
[BlackElo "2415"]
[EventDate "1993.04.??"]
[PlyCount "53"]

1.e4 c5 2.Nf3 Nc6 3.c3 e5 4.Bc4 Qc7 5.O-O Nf6 6.d3 Be7 7.a4 O-O 8.Nbd2 d6 
9.Re1 h6 10.Nf1 Be6 11.Ng3 Rad8 12.Bxe6 fxe6 13.Bd2 Rfe8 14.b4 Bf8 15.Rc1 
Qf7 16.h3 b6 17.Qb3 Nd7 18.Qb2 a5 19.b5 Ne7 20.Be3 Ng6 21.Rcd1 d5 22.d4 
exd4 23.cxd4 c4 24.Qc2 Bb4 25.Re2 Rf8 26.Nh2 Nf4 27.Bxf4 1/2-1/2

[Event "zonal 1.1b"]
[Site "Brussels BEL"]
[Date "1993.??.??"]
[Round "10"]
[White "Dorfman, Iossif"]
[Black "Bricard, Emmanuel"]
[Result "1/2-1/2"]
[WhiteElo "2580"]
[BlackElo "2460"]
[EventDate "1993.04.??"]
[PlyCount "94"]

1.d4 Nf6 2.c4 a6 3.Nf3 b5 4.Nc3 c6 5.c5 d6 6.cxd6 exd6 7.Bg5 h6 8.Bxf6 
Qxf6 9.g3 Bb7 10.Bg2 Qd8 11.O-O Be7 12.e4 O-O 13.e5 c5 14.dxc5 dxc5 15.Qc2
Qc7 16.Rad1 Nd7 17.Qf5 Nb6 18.Ne4 Bc8 19.Qh5 Be6 20.b3 Rad8 21.Bh3 Bxh3 
22.Qxh3 Rxd1 23.Rxd1 Rd8 24.Rxd8+ Qxd8 25.e6 Qd5 26.exf7+ Kxf7 27.Qg4 Nd7 
28.Nc3 Qe6 29.Qh5+ Kg8 30.Nd5 Bd6 31.Ne3 Ne5 32.Nxe5 Bxe5 33.Qf3 Bf6 34.
Kf1 Kh7 35.h4 Qe5 36.Kg2 Qe6 37.Kf1 Bd4 38.Nf5 Bf6 39.Ne3 Bd4 40.Nf5 Bf6 
41.Qd3 g6 42.Nd6 Be5 43.Ne4 c4 44.bxc4 bxc4 45.Qe3 Qd5 46.Qa7+ Kh8 47.Qe7 
Qxe4 1/2-1/2

[Event "zonal 1.1b"]
[Site "Brussels BEL"]
[Date "1993.??.??"]
[Round "10"]
[White "Hartoch, Robert"]
[Black "David, Alberto"]
[Result "1/2-1/2"]
[WhiteElo "2355"]
[BlackElo "2380"]
[EventDate "1993.04.??"]
[PlyCount "35"]

1.Nf3 g6 2.e4 Bg7 3.d4 d6 4.c3 Nf6 5.Qc2 O-O 6.Be2 Re8 7.O-O e5 8.dxe5 
dxe5 9.a4 a5 10.b3 Nbd7 11.Ba3 Nh5 12.Rd1 Qf6 13.Nbd2 Nf4 14.Bb5 c6 15.Bf1
Bf8 16.g3 Bxa3 17.Rxa3 Ne6 18.Bg2 1/2-1/2

[Event "zonal 1.1b"]
[Site "Brussels BEL"]
[Date "1993.??.??"]
[Round "10"]
[White "Hauchard, Arnaud"]
[Black "Berend, Fred"]
[Result "1/2-1/2"]
[WhiteElo "2450"]
[BlackElo "2305"]
[EventDate "1993.04.??"]
[PlyCount "94"]

1.d4 Nf6 2.c4 e6 3.Nf3 c5 4.Nc3 cxd4 5.Nxd4 Nc6 6.a3 Qc7 7.Bg5 Nxd4 8.Qxd4
Bc5 9.Qf4 Qxf4 10.Bxf4 O-O 11.Nb5 e5 12.Bxe5 Bxf2+ 13.Kxf2 Ng4+ 14.Kg3 
Nxe5 15.e3 b6 16.Nd6 Rb8 17.Be2 Bb7 18.b4 f5 19.Bf3 Bc6 20.Rhd1 Rf6 21.Rd4
Rbf8 22.a4 Rg6+ 23.Kf4 Bxf3 24.gxf3 Nc6 25.Rd2 Nxb4 26.a5 Nc6 27.axb6 axb6
28.Rb1 Rff6 29.Nc8 Rh6 30.Rxd7 Rh4+ 31.Kg3 Rxc4 32.Rxb6 Rg6+ 33.Kh3 Rh6+ 
34.Kg3 Rg6+ 35.Kh3 Rh6+ 36.Kg3 Rg6+ 37.Kh3 h6 38.Rxc6 Rcxc6 39.Ne7+ Kh7 
40.Nxc6 Rxc6 41.Kg3 Kg6 42.h4 Kf6 43.Ra7 g6 44.Rh7 Rc3 45.Kf4 g5+ 46.Kg3 
Kg6 47.Re7 Rxe3 1/2-1/2

[Event "zonal 1.1b"]
[Site "Brussels BEL"]
[Date "1993.??.??"]
[Round "10"]
[White "Le Quang, Kim"]
[Black "Dutreeuw, Marc"]
[Result "0-1"]
[WhiteElo "2215"]
[BlackElo "2450"]
[EventDate "1993.04.??"]
[PlyCount "76"]

1.e4 d5 2.exd5 Qxd5 3.Nc3 Qa5 4.Bc4 Nf6 5.d4 Bf5 6.Nf3 e6 7.Bd2 Qb6 8.Bb3 
Qa6 9.Ne5 Nbd7 10.Nxd7 Nxd7 11.Qf3 Be7 12.O-O-O O-O-O 13.Nd5 Bd6 14.Bg5 f6
15.Be3 Bxc2 16.Kxc2 exd5 17.Qxd5 Rhe8 18.Kb1 Kb8 19.Qh5 Nf8 20.Qf3 Re7 21.
g4 Qb5 22.h4 Rde8 23.Rc1 Nd7 24.Bc4 Qa5 25.Bd3 h6 26.Bg6 Rd8 27.Be4 c6 28.
Rhg1 Rde8 29.Bg6 Rf8 30.Qd1 Nb6 31.Qd3 Qd5 32.Rce1 Qf3 33.Qf5 Qxf5+ 34.
Bxf5 Nc4 35.Bg6 Bb4 36.Re2 Kc8 37.a3 Ba5 38.b4 Nxa3+ 0-1